Carregando...

Production and Operations Management

Detalhes bibliográficos
Autor principal: Chary, S N
Formato: Printed Book
Idioma:Undetermined
English
Publicado em: New Delhi Tata McGraw Hill Publishing 2008
Edição:3rd
Assuntos:
LEADER 00576nam a2200181Ia 4500
008 140306s9999 xx 000 0 und d
020 |a 9780070583559 
041 |a eng 
082 |a 658.5  |b CHA/PR 
100 |a Chary, S N 
245 |a Production and Operations Management 
250 |a 3rd 
260 |a New Delhi  |b Tata McGraw Hill Publishing  |c 2008 
365 |b Rs. 350/- 
650 |a Productivity 
942 |2 ddc  |c BK 
999 |c 188060  |d 188060 
952 |0 0  |1 0  |2 ddc  |4 0  |6 658_500000000000000_CHA_PR  |7 0  |9 194197  |a KAUCBV  |b KAUCBV  |d 2011-11-05  |g 350.00  |o 658.5 CHA/PR  |r 2014-03-22  |w 2014-03-22  |y BK